000
00334noi a22001337a 4500
005
20241017182952.0
008
200109b xxu||||| |||| 00| 0 spa d
082
_a
ID
245
_a
Informática docentes
650
_a
SALA DE PROFESORES INFORMÁTICA
650
_a
EQUIPO TECNOLÓGICO
650
_a
COMPUTADORAS
942
_c
COMPU
_2
ddc
999
_c
12540
_d
12540